LEADER 01036nlm 2200253Ia 450 001 996539764303316 005 20230801121735.0 100 $a19840414d1696---- uy | 101 0 $aeng 102 $aUK 135 $adrcnu 200 1 $a<> Continuation of The Dialogue between two young ladies, lately married, concerning the management of husbands$epart the second : wherein is a most passionate letter full of wit and affection writ by Eloisa (a young French lady) to her husband Abelard who was emasculatd by the malice of her uncle 210 1 $aLondon$c[s.n.]$d1696 215 $aTesto elettronico (PDF) (44 p.) 230 $aBase dati testuale 300 $aRiproduzione dell'originale nellaHuntington Library. 606 0 $aMatrimonio$yGran Bretagna$2BNCF 676 $a306.810942 801 0$aIT$bcba$cREICAT 912 $a996539764303316 959 $aEB 969 $aER 996 $aContinuation of The Dialogue between two young ladies, lately married, concerning the management of husbands$93405311 997 $aUNISA